000
00316nam a2200109Ia 4500
008
200302s9999 xx 000 0 und d
100
_a
Andrea Deplazes ed
245
_a
Constructing Architecture Materials Processes Structures A Handbook 2nd ed.,
260
_b
Birkhauser Verlag Ag
260
_c
2010
300
_a
555 P.,
999
_c
2955
_d
2955